000 00324 a2200109 4500
001 ART_46203
005 20260410161756.0
008 260409a
245 1 0 _aLa exhumación de la resolución (PGN) 5/2012
100 1 _aFolco, Carlos Maria
773 0 _tDoctrina tributaria
_g- N°457 (abr. 2018)
_wREV4296
999 _c20156
_d20156